| 000 | 00478nam a2200169 4500 | ||
|---|---|---|---|
| 001 | 126528 | ||
| 003 | ES-MaACL | ||
| 005 | 20241115063036.0 | ||
| 007 | t| | ||
| 008 | 070214s1972 sp r ||||1| spa d | ||
| 100 | 1 |
_aRepollés, José _9239299 |
|
| 245 | 1 | 3 |
_aLa salud por el naturismo / _cDr. Argoromendia [seud.]. |
| 260 |
_aBarcelona : _bRodegar, _c1972. |
||
| 300 |
_a121 p. ; _c12 cm. |
||
| 852 |
_aES-MaACL _jC-43884 _bR.83036 |
||
| 999 |
_c126528 _d126528 |
||